Landmark Information Group (Record no. 120452)

MARC details
000 -LEADER
fixed length control field 00472cam a2200145 4500
001 - CONTROL NUMBER
control field L129769
008 - FIXED-LENGTH DATA ELEMENTS--GENERAL INFORMATION
fixed length control field 050518n 000 0 eng u
035 ## - SYSTEM CONTROL NUMBER
System control number (Sirsi) u129769
041 ## - LANGUAGE CODE
Language code of text/sound track or separate title eng
110 ## - MAIN ENTRY--CORPORATE NAME
Corporate name or jurisdiction name as entry element Landmark Information Group
9 (RLIN) 4113
245 ## - TITLE STATEMENT
Title Landmark Information Group
690 ## - LOCAL SUBJECT ADDED ENTRY--TOPICAL TERM (OCLC, RLIN)
Topical term or geographic name as entry element ENVIRONMENTAL AND LAND CONSULTANCY-GEOMATICS
856 ## - ELECTRONIC LOCATION AND ACCESS
Uniform Resource Identifier <a href="https://www.landmarkinfo.co.uk/corp/home.jsp">https://www.landmarkinfo.co.uk/corp/home.jsp</a>
Public note View the website free of charge at www.landmarkinfo.co.uk...
942 ## - ADDED ENTRY ELEMENTS (KOHA)
Suppress in OPAC 0
Holdings
Withdrawn status Lost status Source of classification or shelving scheme Damaged status Not for loan Home library Current library Shelving location Date acquired Total Checkouts Full call number Barcode Date last seen Copy number Price effective from Koha item type
    Dewey Decimal Classification     Virtual Virtual Online 18/05/2005   WEBSITE 129769-1001 06/08/2019 1 06/08/2019 Online material